| 000 | 00370 a2200157 4500 | ||
|---|---|---|---|
| 001 | 154538 | ||
| 040 | _cEscola São Tomás de Aquino | ||
| 100 | _aCRUZ, Therezinha M. L. da | ||
| 240 | 1 | 0 |
_aGente querida que sabe da vida _lpor |
| 245 | 1 | 0 | _aGente querida que sabe da vida |
| 300 | _a48 | ||
| 362 | 0 | _a2003 | |
| 440 | 1 | _aFTD | |
| 697 | _aRELIGIÃO | ||
| 942 | _cBK | ||
| 999 |
_c154538 _d154538 |
||